000 00379nam a2200169Ia 4500
005 20240823011349.0
008 240823s9999||||xx |||||||||||||| ||und||
082 _A110 L3
100 _a"Quinton,Anthony"
245 4 _aThe Nature of Things
250 _a1st
260 _c1973
_b"RK,London"
500 _aYES
650 _aGeneral
_bGeneral
942 _cBK
999 _c161318
_d161318